Jann - Gladiator Lyrics - Statistics

General Stats
  • This quiz has been taken 127 times
  • The average score is 221 of 304
Answer Stats
Answer % Correct
a
98%
We
98%
we
98%
you
98%
you,
98%
You
98%
Ever
97%
I
97%
it
97%
to
97%
the
95%
your
95%
on
93%
on,
93%
party,
93%
Welcome
93%
welcome
93%
more
92%
some
92%
for
86%
for?
86%
say
86%
they
86%
be
85%
everybody
85%
hi
85%
just
85%
show
85%
Show
85%
that
85%
gladiator,
83%
gladiator
83%
smash
83%
baby
81%
Is
81%
is
81%
than
81%
competition,
80%
go
80%
Give
78%
give
78%
know
78%
and
76%
at
76%
body
76%
by
76%
get
75%
only
75%
us
75%
when
75%
Martini,
73%
something
73%
Bali?
71%
can
71%
it's
71%
payment
71%
but
69%
funny
69%
good
69%
like
69%
really
69%
sippin'
69%
start
69%
before
68%
kinda
68%
need
68%
never
68%
seen
68%
sun
68%
victory's
68%
attention,
66%
been
66%
hoping
66%
let's
66%
my
64%
paid
64%
wear
64%
acting
63%
Bacardi
63%
Cali
63%
everyone
63%
finish
63%
flesh,
63%
sell
63%
shame
63%
such
63%
what
63%
addiction's
61%
everything
61%
in
61%
tsunami,
61%
wanting
61%
have
59%
over
59%
own
59%
place
59%
take
59%
address?
58%
body's
58%
entertainment
58%
leave
58%
little
58%
personally
58%
play
58%
success
58%
drama
56%
nice
56%
obsess
56%
of
56%
stars
56%
them
56%
won't
56%
along,
54%
coma
54%
dressed,
54%
price
54%
What's
54%
what's
54%
all
53%
pretty
53%
were
53%
being
51%
'bout
51%
face
51%
make
51%
they're
51%
top
51%
ain't
49%
love
49%
out
49%
will
49%
buy
47%
far
47%
favourite
47%
nostalgia
47%
their
47%
wrap
47%
fake
46%
new
46%
they've
46%
'til
46%
dying
44%
getting
44%
I'll
44%
with
42%
90's
41%
excess
41%
savour
41%
fill
39%
mask
39%
news
39%
You'll
37%
off
32%
natural
31%
8-bit
29%
I'm
29%
pixels
27%
feels
25%
picking
20%
not
17%
power's
15%
wearing
15%
true
14%
whatever
14%
yourself,
12%
tell
8%
No matching quizzes found
Score Distribution
Percent of People with Each Score
Percentile by Number Answered
Your Score History
You have not taken this quiz